Controlling - nový nástroj řízení
Gespeichert in:
| 1. Verfasser: | |
|---|---|
| Weitere Verfasser: | |
| Format: | Buch |
| Sprache: | Tschechisch |
| Veröffentlicht: |
Praha
PROFESS
[1990]
|
| Ausgabe: | 2. uprav. vyd. |
| Schlagworte: | |
| Tags: |
Keine Tags, Fügen Sie das erste Tag hinzu!
|
MARC
| LEADER | 00000nam a2200000 4500 | ||
|---|---|---|---|
| 001 | c104287 | ||
| 005 | 20221123085155.9 | ||
| 020 | |a 80-85235-54-4 | ||
| 041 | 0 | |a cze | |
| 044 | |a CZ | ||
| 245 | 1 | 0 | |a Controlling - nový nástroj řízení |c Hilmar J. Vollmuth ; preklad: Jiří Vysušil |
| 250 | |a 2. uprav. vyd. | ||
| 264 | 1 | |a Praha |b PROFESS |c [1990] | |
| 300 | |a 136 s. | ||
| 610 | 2 | 0 | |a kontroling |
| 610 | 2 | 0 | |a kontroling operatívny |
| 610 | 2 | 0 | |a riadenie podnikové |
| 610 | 2 | 0 | |a nákladovosť produkcie |
| 610 | 2 | 0 | |a náklady |
| 610 | 2 | 0 | |a výsledok hospodársky |
| 610 | 2 | 0 | |a ukazovatele |
| 100 | 1 | |a Vollmuth, Hilmar J. | |
| 700 | 1 | |a Vysušil, Jiří | |